Statistics for Countries with the most Immigrants

Click here to take the quiz!

General Stats

  • This quiz has been taken 3,199 times
    (3,197 since last reset)
  • The average score is 13 of 19

Answer Stats

# of ImmigrantsCountry% Correct
42.8 millionUnited States of America
100%
7.0 millionUnited Kingdom
98%
6.7 millionFrance
97%
10.8 millionGermany
96%
7.2 millionCanada
95%
6.9 millionSpain
93%
5.5 millionAustralia
91%
4.5 millionItaly
91%
12.3 millionRussia
91%
5.4 millionIndia
83%
7.3 millionSaudi Arabia
63%
3.3 millionUnited Arab Emirates
56%
4.2 millionPakistan
54%
2.9 millionIsrael
51%
5.3 millionUkraine
50%
2.4 millionMalaysia
35%
3.0 millionJordan
24%
3.1 millionKazakhstan
20%
2.4 millionCote d'Ivoire
4%

Score Distribution

Percentile by Number Answered

Percent of People with Each Score

Your Score History

You have not taken this quiz since the last reset